000 00784nam a2200253Ia 4500
001 18901
003 GE_BSU
008 181216s||||||||xx |||||||||||||| ||und||
040 _cGE_BSU
080 _a1(075.8)
100 _aრამიშვილი, ვალერიან
245 _aფილოსოფია (II ნაწ.): ძირითადი კურსი.
245 _cრედ. ირაკლი ბრაჭული
250 _a9789941101496
260 _aთბილისი
260 _bმერიდიანი
260 _c2009
300 _a257გვ.
541 _h8ლ.35თ.
653 _aფილოსოფია
653 _aქსეროქსი
653 _aძირითადი კურსი.
942 _cBK
999 _c51901
_d51901